000 01481nam a2200253Ia 4500
003 Ost
005 20260507075221.0
008 260507s9999||||xx |||||||||||||| ||und||
020 _a8731199579
040 _cfsecg
041 _aara
082 _a330
100 _aياغي، محمد عبد الفتاح
_eمؤلف
245 0 _aالتدريب الإداري :
_bبين النظرية و التطبيق /
_c محمد عبد الفتاح ياغي
260 _aعمان:
_bدار وائل,
_c2009
300 _a412 صفحة؛
_bإيضاحات ؛
_c24 سم
504 _aمراجع : لكل فصل مرجع ؛ ملاحق ص.351 ؛ فهرس الخرائط و الاشكال : لكل شكل صفحة
520 _aطبيعة و أهمية التدريب ، التطور التاريخي للتدريب ، نظرية النظم في مجال التدريب الاداري ، تحديد الاحتياجات التدريبية ، التخطيط لتصميم البرامج التدريبية ، أنواع التدريب ، تصميم البرامج التدريبية ، أساليب التدريب الاداري ، تقويم التدريب ، دور معاهد الادارة العامة في الوطن العربي في التنمية الادارية و المشكلات التي تواجهها .
653 _aالتخطيط
653 _aالتدريب
653 _aالتدريب الاداري
653 _aالتنمية الادارية
942 _cكتاب
999 _c43521
_d43521